书目信息 |
| 题名: |
20世纪世界文学精品:短篇小说卷
|
|
| 作者: | 王箴躬 , 余致力 选编 | |
| 分册: | ||
| 出版信息: | 南昌 百花洲文艺出版社 1997.11 |
|
| 页数: | 832页 | |
| 开本: | 32开 | |
| 丛书名: | ||
| 单 册: | ||
| 中图分类: | I14 | |
| 科图分类: | ||
| 主题词: | 小说--作品集--世界 | |
| 电子资源: | ||
| ISBN: | 7-80579-814-1 | |
| 000 | 00626nam0 2200193 45 | |
| 001 | 0102130975 | |
| 005 | 20081029161457.07 | |
| 010 | @a7-80579-814-1@d30.00元 | |
| 100 | @a20010213d1997 km y0chiy0120 ea | |
| 101 | 0 | @achi |
| 200 | 1 | @a20世纪世界文学精品:短篇小说卷@A20 Shi Ji Shi Jie Wen Xue Jing Pin:Duan Pian Xiao Shuo Juan@f王箴躬,余致力选编@FWang Zhen Gong,Yu Zhi Li Xuan Bian |
| 210 | @a南昌@c百花洲文艺出版社@d1997.11 | |
| 215 | @a832页@d32开 | |
| 606 | 0 | @a小说@x作品集@x世界 |
| 690 | @aI14@v3 | |
| 701 | 0 | @a王箴躬@4选编 |
| 701 | 0 | @a余致力@4选编 |
| 801 | @aCN@bPftUser@c20081029 | |
| 905 | @b321232-236@dI14@eW269/1@f5 | |
| 20世纪世界文学精品:短篇小说卷/王箴躬,余致力选编.-南昌:百花洲文艺出版社,1997.11 |
| 832页;32开 |
| ISBN 7-80579-814-1:30.00元 |
| ● |
| 相关链接 |
|
|
|
正题名:20世纪世界文学精品:短篇小说卷
索取号:I14/W269/1
 
预约/预借
| 序号 | 登录号 | 条形码 | 馆藏地/架位号 | 状态 | 备注 |
| 1 | 321232 | 203212326 | 社科二线400B/400B社科库 15排1列3层/ [索取号:I14/W269/1] | 在馆 | |
| 2 | 321233 | 203212335 | 文学库108/ [索取号:I14/W269/1] | 在馆 | |
| 3 | 321234 | 203212344 | 文学库108/ [索取号:I14/W269/1] | 在馆 | |
| 4 | 321235 | 203212353 | 社科二线400B/400B社科库 22排3列1层/ [索取号:I14/W269/1] | 在馆 | |
| 5 | 321236 | 203212362 | 文学库108/108文学库 4排2列1层/ [索取号:I14/W269/1] | 在馆 | |
| 6 | 460269 | 204602698 | 社科二线422/422社科库 24排2列4层/ [索取号:I14/W269/1] | 在馆 |